| 000 | 00737cam a22001811 4500 | ||
|---|---|---|---|
| 082 |
_a358.42 _bLAN _cD |
||
| 100 | 1 |
_aLangdon-Davies, John, _949066 |
|
| 245 | 1 | 0 |
_aAir raid : _bthe technique of silent approach, high explosive panic / _cby John Langdon-Davies. |
| 260 |
_aLondon : _bG. Routledge & sons, ltd., _c1938. |
||
| 300 |
_a142 p. : _billus., xxxii pl. on 16 l. ; _c19 cm. |
||
| 500 | _aA study of lessons to be learned from the Italo-German manoeuvers over Barcelona in March, 1938. | ||
| 526 |
_a0 _b0 _c0 _d358_420000000000000_LAN |
||
| 650 | 0 |
_aAeronautics, Military _zGreat Britain. _949085 |
|
| 650 | 0 |
_aAeronautics, Military _zSpain. _949786 |
|
| 650 | 0 |
_aAeronautics, Military. _949493 |
|
| 650 | 0 |
_aMCE _9379 |
|
| 942 |
_2ddc _cBK |
||
| 999 |
_c552554 _d552554 |
||